000 nam a22 a 4500
999 _c4735
_d4735
003 AKMAL
005 20170801112812.0
008 170108s2017 my e l 000 0 may d
020 _cRM25.00
082 0 4 _a343.59501 MAL
_223
090 0 0 _a343.59501
_bMAL
110 1 _aMalaysia,
_ejurisdiction governed.
_9400
245 1 0 _aAKTA MAJLIS KESELAMATAN NEGARA 2016 (AKTA 776) dan PERATURAN-PERATURAN :
_b(PINDAAN HINGGA JULAI 2016) /
_cDisusun semula oleh Penasihat Undang-Undang Mdc
260 _aKuala Lumpur:
_bMdc Publishers,
_c2017.
300 _a29 pages ;
_c27cm.
490 1 _aUNDANG-UNDANG MALAYSIA
650 1 0 _aNational security
_xLaw and legislation
_zMalaysia
_99057
830 0 _aUndang-undang Malaysia
_99058
942 _2ddc
_cBOOK
950 _lAKMAL